MARC details
| 000 -CABECERA |
| campo de control de longitud fija |
02650nam a2200265 a 4500 |
| 003 - IDENTIFICADOR DEL NÚMERO DE CONTROL |
| campo de control |
DO-SdBNP |
| 005 - FECHA Y HORA DE LA ÚLTIMA TRANSACCIÓN |
| campo de control |
20220901123832.0 |
| 007 - CAMPO FIJO DE DESCRIPCIÓN FÍSICA--INFORMACIÓN GENERAL |
| campo de control de longitud fija |
ta |
| 008 - DATOS DE LONGITUD FIJA--INFORMACIÓN GENERAL |
| campo de control de longitud fija |
220831e1951 dr ||||gr|||| 001 e spa d |
| 040 ## - FUENTE DE LA CATALOGACIÓN |
| Centro catalogador/agencia de origen |
DO-SdBNP |
| Lengua de catalogación |
spa |
| Centro/agencia transcriptor |
BNPHU |
| 082 #4 - NÚMERO DE LA CLASIFICACIÓN DECIMAL DEWEY |
| Número de edición |
22 |
| Número de documento/Ítem |
R457d |
| 100 1# - ENTRADA PRINCIPAL--NOMBRE DE PERSONA |
| 9 (RLIN) |
3382 |
| Nombre de persona |
Reyes, Felix |
| 245 10 - MENCIÓN DE TÍTULO |
| Título |
Descripción Histórica de las antiguas haciendas, estancias y hatos, que durante la era colonial española, , existieron en el partido de los ingenios de nigua, hoy San Cristobal: |
| Resto del título |
año 1950. / |
| Mención de responsabilidad, etc. |
Felix Reyes. |
| 260 ## - PUBLICACIÓN, DISTRIBUCIÓN, ETC. |
| Lugar de publicación, distribución, etc. |
Ciudad Trujillo : |
| Nombre del editor, distribuidor, etc. |
Montalvo, |
| Fecha de publicación, distribución, etc. |
1951 |
| 300 ## - DESCRIPCIÓN FÍSICA |
| Extensión |
128 p. ; |
| Dimensiones |
22 cm. |
| 505 ## - NOTA DE CONTENIDO CON FORMATO |
| Nota de contenido con formato |
Advertencia. |
| 505 ## - NOTA DE CONTENIDO CON FORMATO |
| Título |
La antigua Hacienda de San Cristóbal.-- |
| -- |
La antigua Hacienda de Yamán.-- |
| -- |
La antigua Hacienda de El Pedregar.-- |
| -- |
La antigua Hacienda de Fundaciónl.-- |
| -- |
La antigua Hacienda de Samangolal.-- |
| -- |
La antigua Hacienda de San Gregorio de Nigua.-- |
| -- |
La antigua Hacienda de Boca Nigua-- |
| -- |
La antigua Hacienda de Hitabo.-- |
| -- |
La antigua Hacienda de Sabana Botana.-- |
| -- |
La antigua Hacienda de Árbol Gordo.-- |
| -- |
La antigua Hacienda de Parra.-- |
| -- |
La antigua Hacienda de Villegas.-- |
| -- |
La antigua Hacienda de Cambita Sterling.-- |
| -- |
La antigua Hacienda de Cambita Pineda.-- |
| -- |
La antigua Hacienda de Camba Arriba.-- |
| -- |
La antigua Hacienda de Camba Abajo.-- |
| -- |
La antigua Hacienda de San Miguel de la Jagua.-- |
| -- |
La antigua Hacienda de San Sebastián de Cumba.-- |
| 505 ## - NOTA DE CONTENIDO CON FORMATO |
| Título |
La antigua Estancia de San Miguel de Boruga.-- |
| -- |
La antigua Estancia de El Cacagual.-- |
| -- |
La antigua Estancia de San Miguel.-- |
| -- |
La antigua Estancia de Buena Vista.-- |
| -- |
La antigua Estancia de Samangola.-- |
| -- |
La antigua Estancia de San Isidro.-- |
| -- |
La antigua Estancia de Sainagúa.-- |
| -- |
La antigua Estancia de Nigua.-- |
| -- |
La antigua Estancia de Buenaventura.-- |
| -- |
La antigua Estancia de Doña Ana.-- |
| -- |
La antigua Estancia de Sabana Toro.-- |
| -- |
La antigua Estancia de Cambita.-- |
| -- |
La antigua Estancia de Caña Boba.-- |
| -- |
La antigua Estancia de El guayabal.-- |
| 505 ## - NOTA DE CONTENIDO CON FORMATO |
| Título |
<br/>El antiguo Hato del Yaguate.-- |
| -- |
El antiguo Hato de Sabana Grande de Palenque.-- |
| -- |
El antiguo Hato del Mayorazgo de Bastida.-- |
| -- |
Los antiguos Hatos de Boca Nigua.-- |
| -- |
El antiguo Hato de Boca Nigua.-- |
| -- |
El antiguo Hato de La Buenaventura.-- |
| -- |
El antiguo Hato del Yaguate |
| -- |
El antiguo Hato de los Montones.-- |
| -- |
El antiguo Hato de las Damas.-- |
| -- |
El antiguo Hato de Hatillo de Parra.-- |
| -- |
Aclaración.-- |
| -- |
La Toma.-- |
| -- |
La Canalización del Arroyo Bartolo.-- |
| -- |
La pequeñas ruinas de Najayo Arriba.-- |
| 590 ## - NOTA LOCAL (RLIN) |
| Nota local |
Inventariado 2022 / MF |
| 650 #4 - PUNTO DE ACCESO ADICIONAL DE MATERIA--TÉRMINO DE MATERIA |
| 9 (RLIN) |
57564 |
| Término de materia o nombre geográfico como elemento de entrada |
San Cristóbal |
| Subdivisión de forma |
Historia |
| Subdivisión geográfica |
República Dominicana |
| 651 #4 - PUNTO DE ACCESO ADICIONAL DE MATERIA--NOMBRE GEOGRÁFICO |
| 9 (RLIN) |
78823 |
| Nombre geográfico |
República Dominicana |
| Subdivisión general |
San Cristóbal (provincia) |
| -- |
Historia |
| 910 ## - DATOS DE OPCIÓN DEL USUARIO (OCLC) |
| Datos de opción del usuario |
MFeliz |
| 942 ## - ELEMENTOS DE PUNTO DE ACCESO ADICIONAL (KOHA) |
| Fuente del sistema de clasificación o colocación |
Dewey Decimal Classification |
| Tipo de ítem Koha |
Libro |